Alokácia jednopredmetnej prúdovej organizácie výroby v podniku diplomová práca

Na minha lista:
Detalhes bibliográficos
Autor principal: Tóthová, Diana
Autor Corporativo: Fakulta podnikového manažmentu EU. Katedra manažmentu výroby a logistiky - zrušená
Outros Autores: Rakovská, Júlia, 1972-
Formato: Livro
Idioma:eslovaco
Publicado em: Bratislava 2017
Tags: Adicionar Tag
Sem tags, seja o primeiro a adicionar uma tag!

MARC

LEADER 00000nbm a2200000 4500
001 0232255
005 20171108144220.4
041 0 |a slo 
044 |a SK 
245 1 0 |a Alokácia jednopredmetnej prúdovej organizácie výroby v podniku  |b diplomová práca  |c Diana Tóthová ; školiteľ: Júlia Rakovská 
264 1 |a Bratislava  |c 2017 
300 |a 88 s. 
100 1 |a Tóthová, Diana 
700 1 |a Rakovská, Júlia, 1972- 
710 2 |a Fakulta podnikového manažmentu EU. Katedra manažmentu výroby a logistiky - zrušená